Statistics for Abbreviations in Organic Chemistry

Click here to take the quiz!

General Stats

  • This quiz has been taken 9 times
  • The average score is 5 of 15

Answer Stats

AbbreviationAnswer% Correct
EtOHethanol
86%
Nunucleophile
71%
HOMOhighest occupied molecular orbital
57%
AcOacetate
43%
DCMdichloromethane
43%
DMSOdimethylsulfoxide
43%
MSmass spectrometry
43%
THFtetrahydrofuran
43%
E2bimolecular elimination
29%
LAHlithium aluminium hydride
29%
TMStetramethylsilane
29%
enethylene diamine
14%
IPAisopropyl alcohol
14%
CANceric ammonium nitrate
0%
Toltolyl
0%

Score Distribution

Percentile by Number Answered

Percent of People with Each Score

Your Score History

You have not taken this quiz